01298cam a22003737a 4500003000500000005001700005008004100022010001000063011001000073020001500083035001000098040000900108082001500117100003100132245011200163260004900275300002000324410002400344490002700368590004100395590004100436590004200477650002400519650002400543700002900567830003500596830003200631901000700663905002600670942001000696949006600706999001700772952013500789CHAP20220329142753.0030814d2002 us a r 00110 spa d a87543 a88515 a1588030008 a99060 cCHAP04a595.76bF800aFurniss, Malcolm M.94406810aField guide to the bark beetles of idaho and adjacent regionsc/por Malcolm M. Furniss and James B. Johnson aMoscow, Idaho :bUniversity of Idaho,c2002. a125 p. :bilus.00aUniversity of Idaho 0aStation bulletinv; 74 aBATCH-UPDb10c20130110lUCH01h0454 aBATCH-UPDb10c20130110lUCH01h2303 aCONVERSIONb10c20130109lUCH01h134914aEscarabajos.93746514aScolytidae.910335200aJohnson, James B.9618350 aStation bulletinv; 74910951100aUniversity of Idaho9116724 aBK aAlejandra Carrasco M. cLIBRO a595.76 F8bBCcLIBROd33724000897708eLIBROh103801i99060sb c87543d87543 00102ddc4052708GRALaBCbBCcPA_GRALd2019-12-31fLIBROl0o595.76 F8p33724000897708r2019-12-31 00:00:00w2019-12-31yLIBRO